000 01495nam a2200397 i 4500
001 195638
003 SpMaBN
005 20250804062706.0
008 230601s2006 sp | ||| ||spa
016 7 _abimoBNE20060478346
_2SpMaBN
017 _aB 54195-2006
_bOficina Depósito Legal Barcelona
020 _a8425340039
_qISBN-10
020 _a9788425340031
_qISBN-13
035 _a(OCoLC)912401401
040 _aSpMaBN
_bspa
_cSpMaBN
_erdc
_dES-MaACL
080 _a821.134.2-31"19"
100 1 _aFalcones, Ildefonso,
_d1959-
_0XX3451901
_9173091
_eaut
240 1 3 _aLa catedral del mar
245 1 3 _aLa catedral del mar /
_cIldefonso Falcones.
250 _aPrimera edición : Marzo 2006
_bVigesimotercera edición: diciembre 2006
260 _a[Barcelona] :
_bGrijalbo,
_c2006.
300 _a669 p. :
_c24 cm.
336 _2rdacontent
_atexto
337 _2rdamedia
_asin mediación
338 _2rdacarrier
_avolumen
490 1 _aGrijalbo novela histórica
655 0 _aNovelas
_9234319
830 _aGrijalbo novela histórica
_9230035
852 _aES-MaACL
_bR.154421
_cDEPOJ
_jN-8977
_hDonación: Maria Perles Navarro
_xEncuadernación cartoné con sobrecubierta
_9204846
903 _9233771
_aPerles Navarro, María
_ednr
942 _cMONOGRAFIA
_n0
999 _c195638
_d195638